header

Beethoven (Record no. 15439)

MARC details
000 -LEADER
fixed length control field 01290nam a2200337Ia 4500
100 1# - MAIN ENTRY--AUTHOR NAME
Personal name Kinderman, William.
245 10 - TITLE STATEMENT
Title Beethoven
250 ## - EDITION STATEMENT
Edition statement 2nd ed.
260 ## - PUBLICATION, DISTRIBUTION, ETC. (IMPRINT)
Place of publication Oxford ;
-- New York :
Name of publisher Oxford University Press,
Year of publication 2009.
300 ## - PHYSICAL DESCRIPTION
Number of Pages xiv, 414 p., [16] p. of plates :
Other physical details ill., music.
650 #0 - SUBJECT ADDED ENTRY--TOPICAL TERM
Topical Term Composers
856 40 - ELECTRONIC LOCATION AND ACCESS
Uniform Resource Identifier http://site.ebrary.com/lib/rucke/Doc?id=10288427

No items available.

© 2026 Rongo University
Contact us: librarian | system librarian | Rongo university